Activitats culturals / Centre de Cultura Contemporània de Barcelona Centre de Cultura Contemporània de Barcelona
Descripción Física:
Volums ; 21 cm
Materias:
Centre de Cultura Contemporània de Barcelona
; Centre de Cultura Contemporània de Barcelona -- Activitats culturals
Idioma:
Catalán
MARC
| LEADER | 00000nas a2200000 a 4500 | ||
|---|---|---|---|
| 001 | 16670, 16671, 16672, 16673, 16674, 16675, 16676, 16677, 16678, 16679, 16680, 16681, 16682 | ||
| 003 | Arxiu | ||
| 005 | 20260324181505.0 | ||
| 008 | 160829d19972002spcbrx cat c 000 0 cat d | ||
| 040 | |a AGDB | ||
| 080 | |a FU-45-14, FU-45-15, FU-45-16, FU-45-17, FU-45-18, FU-45-19, FU-45-20, FU-45-21, FU-45-22, FU-45-23, FU-45-24, FU-45-25, FU-45-26 | ||
| 110 | 2 | |a Centre de Cultura Contemporània de Barcelona |9 52510 | |
| 245 | 1 | 0 | |a Activitats culturals / |b Centre de Cultura Contemporània de Barcelona |
| 260 | |a Barcelona : |b Centre de Cultura Contemporània de Barcelona |c 1997-2002 | ||
| 300 | |a Volums ; |c 21 cm | ||
| 610 | 2 | 0 | |a Centre de Cultura Contemporània de Barcelona |9 52510 |
| 610 | 1 | 0 | |a Centre de Cultura Contemporània de Barcelona |x Activitats culturals |9 8256 |
| 785 | 0 | 0 | |t Agenda del CCCB / Centre de Cultura Contemporània de Barcelona |
| 866 | |a 1997 (març-abril, novembre-desembre) | ||
| 866 | |a 2000 (maig-juny, juliol-agost, setembre-octubre, novembre-desembre) | ||
| 866 | |a 2001 (març-abril, maig-juny, juliol-agost, setembre-octubre, novembre-desembre) | ||
| 866 | |a 2002 (març-abril, novembre-desembre) | ||
| 901 | |a Arxiu | ||
| 942 | |n 1 |2 udc |c ARXIU | ||
| 952 | |0 0 |1 0 |4 0 |6 FU4526 |7 1 |9 42321 |a Arxiu |b Arxiu |d 2016-12-01 |h novembre/desembre 2002 |o FU-45-26 |p 16682 |r 2016-12-01 00:00:00 |w 2016-12-01 |y ARXIU | ||
| 952 | |0 0 |1 0 |4 0 |6 FU4514 |7 1 |9 66013 |a Arxiu |b Arxiu |d 2023-04-06 |h març/abril 1997 |l 0 |o FU-45-14 |p 16670 |r 2023-04-06 00:00:00 |w 2023-04-06 |y ARXIU | ||
| 952 | |0 0 |1 0 |4 0 |6 FU4515 |7 1 |9 66014 |a Arxiu |b Arxiu |d 2023-04-06 |h novembre/desembre 1997 |l 0 |o FU-45-15 |p 16671 |r 2023-04-06 00:00:00 |w 2023-04-06 |y ARXIU | ||
| 952 | |0 0 |1 0 |4 0 |6 FU4516 |7 1 |9 66015 |a Arxiu |b Arxiu |d 2023-04-06 |h maig/juny 2000 |l 0 |o FU-45-16 |p 16672 |r 2023-04-06 00:00:00 |w 2023-04-06 |y ARXIU | ||
| 952 | |0 0 |1 0 |4 0 |6 FU4517 |7 1 |9 66016 |a Arxiu |b Arxiu |d 2023-04-06 |h juliol/agost 2000 |l 0 |o FU-45-17 |p 16673 |r 2023-04-06 00:00:00 |w 2023-04-06 |y ARXIU | ||
| 952 | |0 0 |1 0 |4 0 |6 FU4518 |7 1 |9 66017 |a Arxiu |b Arxiu |d 2023-04-06 |h setembre/octubre 2000 |l 0 |o FU-45-18 |p 16674 |r 2023-04-06 00:00:00 |w 2023-04-06 |y ARXIU | ||
| 952 | |0 0 |1 0 |4 0 |6 FU4519 |7 1 |9 66018 |a Arxiu |b Arxiu |d 2023-04-06 |h novembre/desembre 2000 |l 0 |o FU-45-19 |p 16675 |r 2023-04-06 00:00:00 |w 2023-04-06 |y ARXIU | ||
| 952 | |0 0 |1 0 |4 0 |6 FU4520 |7 1 |9 66019 |a Arxiu |b Arxiu |d 2023-04-06 |h març/abril 2001 |l 0 |o FU-45-20 |p 16676 |r 2023-04-06 00:00:00 |w 2023-04-06 |y ARXIU | ||
| 952 | |0 0 |1 0 |4 0 |6 FU4521 |7 1 |9 66020 |a Arxiu |b Arxiu |d 2023-04-06 |h maig/juny 2001 |l 0 |o FU-45-21 |p 16677 |r 2023-04-06 00:00:00 |w 2023-04-06 |y ARXIU | ||
| 952 | |0 0 |1 0 |4 0 |6 FU4522 |7 1 |9 66021 |a Arxiu |b Arxiu |d 2023-04-06 |h juliol/agost 2001 |l 0 |o FU-45-22 |p 16678 |r 2023-04-06 00:00:00 |w 2023-04-06 |y ARXIU | ||
| 952 | |0 0 |1 0 |4 0 |6 FU4523 |7 1 |9 66022 |a Arxiu |b Arxiu |d 2023-04-06 |h setembre/octubre 2001 |l 0 |o FU-45-23 |p 16679 |r 2023-04-06 00:00:00 |w 2023-04-06 |y ARXIU | ||
| 952 | |0 0 |1 0 |4 0 |6 FU4525 |7 1 |9 66023 |a Arxiu |b Arxiu |d 2023-04-06 |h març/abril 2002 |l 0 |o FU-45-25 |p 16681 |r 2023-04-06 00:00:00 |w 2023-04-06 |y ARXIU | ||
| 952 | |0 0 |1 0 |4 0 |6 FU4524 |7 1 |9 66024 |a Arxiu |b Arxiu |d 2023-04-06 |h novembre/desembre 2001 |l 0 |o FU-45-24 |p 16680 |r 2023-04-06 00:00:00 |w 2023-04-06 |y ARXIU | ||
| 999 | |c 44799 |d 44799 | ||